[Event "III Open A"]
[Site "Livigno ITA"]
[Date "2012.09.15"]
[Round "7"]
[White "Stitterich, Nadine"]
[Black "Betori, Alessandro"]
[WhiteElo "2024"]
[BlackElo "2043"]
[Result "0-1"]
[PlyCount "80"]
[EventDate "2012.09.10"]

1. e4 d6 2. f4 g6 3. Nc3 Bg7 4. d4 Nf6 5. Nf3 O-O 6. Bd3 c6 7. O-O b5 8. e5
Nfd7 9. Kh1 a6 10. a4 b4 11. Ne4 Qc7 12. c3 a5 13. cxb4 axb4 14. Bd2 Na6 15.
Rc1 c5 16. dxc5 dxe5 17. c6 Ndb8 18. fxe5 Nxc6 19. Bb5 Bb7 20. Qe2 Rfc8 21. Bf4
Qd7 22. Ned2 Nc7 23. Nc4 Nxb5 24. axb5 Nd4 25. Nxd4 Qxd4 26. b3 Rd8 27. Bg3 Qd3
28. Qf2 Rf8 29. Nb6 Ra3 30. Rc7 Be4 31. Nd7 Qxb3 32. Nxf8 Ra2 33. Rc8 Bxf8 34.
Qxa2 Qxa2 35. Rg1 b3 36. Bf4 Kg7 37. e6 f6 38. Rxf8 Kxf8 39. Bh6+ Ke8 40. Rc1
Qxg2# 0-1

[Event "III Open A"]
[Site "Livigno ITA"]
[Date "2012.09.15"]
[Round "7"]
[White "Sveshnikov, Evgeny E."]
[Black "Valsecchi, Alessio"]
[WhiteElo "2530"]
[BlackElo "2427"]
[Result "1/2-1/2"]
[PlyCount "45"]
[EventDate "2012.09.10"]

1. e4 e5 2. Nf3 Nc6 3. Bb5 Nge7 4. O-O a6 5. Ba4 Ng6 6. c3 d6 7. d4 Bd7 8. d5
Nb8 9. c4 Be7 10. Nc3 h6 11. Be3 Bg5 12. b4 Bxe3 13. fxe3 O-O 14. Qe1 Bxa4 15.
Nxa4 Nd7 16. c5 b5 17. cxb6 cxb6 18. Rc1 b5 19. Nb2 a5 20. Nd3 Nf6 21. Nd2 Qd7
22. Qe2 axb4 23. Nxb4 1/2-1/2

[Event "III Open A"]
[Site "Livigno ITA"]
[Date "2012.09.15"]
[Round "7"]
[White "Sveshnikov, Vladimir"]
[Black "Minko, Vladimir"]
[WhiteElo "2405"]
[BlackElo "2293"]
[Result "1-0"]
[PlyCount "52"]
[EventDate "2012.09.10"]

1. e4 c5 2. c3 g6 3. d4 cxd4 4. cxd4 d5 5. e5 Nc6 6. Nc3 Bg7 7. h3 f6 8. f4 Nh6
9. g4 fxe5 10. fxe5 O-O 11. Bg2 e6 12. Nf3 Rxf3 13. Bxf3 Qh4+ 14. Ke2 b6 15. a4
Nf7 16. Be3 Bxe5 17. dxe5 Nfxe5 18. Qe1 Qe7 19. Rd1 Qb4 20. Nxd5 Qxb2+ 21. Rd2
Ba6+ 22. Kf2 Nd3+ 23. Kg3 Nxe1 24. Rxb2 Nxf3 25. Nc7 Bb7 26. Nxa8 Bxa8 1-0

[Event "III Open A"]
[Site "Livigno ITA"]
[Date "2012.09.15"]
[Round "7"]
[White "Zhou, Syang"]
[Black "Arnetta, Maria Teresa"]
[WhiteElo "2239"]
[BlackElo "2031"]
[Result "1-0"]
[PlyCount "79"]
[EventDate "2012.09.10"]

1. a3 d5 2. Nf3 Nf6 3. g3 Bf5 4. Bg2 e6 5. O-O Be7 6. c4 dxc4 7. Qa4+ c6 8.
Qxc4 h6 9. d3 Nbd7 10. b4 O-O 11. Bb2 Rc8 12. Nbd2 c5 13. Qb3 Ne8 14. Nc4 Bf6
15. Nfe5 b5 16. Nxd7 Qxd7 17. Ne3 Bxb2 18. Qxb2 Nd6 19. Rfc1 c4 20. Qd4 Qc7 21.
a4 Qb8 22. dxc4 bxc4 23. Nxc4 Qxb4 24. Qxd6 Rxc4 25. Qxb4 Rxb4 26. Rc7 Rfb8 27.
h4 a6 28. Ra7 R8b6 29. a5 Rd6 30. Rc1 Rb5 31. Rc8+ Kh7 32. Rxf7 Rxa5 33. Rcc7
Kg6 34. e4 Bg4 35. Rxg7+ Kh5 36. f3 Ra1+ 37. Kh2 Bf5 38. exf5 exf5 39. Kh3 Ra3
40. Rc5 1-0

[Event "III Open A"]
[Site "Livigno ITA"]
[Date "2012.09.??"]
[Round "8"]
[White "Franklin, Samuel G.A."]
[Black "Bruno, Fabio"]
[WhiteElo "2281"]
[BlackElo "2423"]
[Result "1/2-1/2"]
[PlyCount "77"]
[EventDate "2012.09.10"]

1. e4 e6 2. d4 d5 3. Nc3 Bb4 4. e5 c5 5. a3 Bxc3+ 6. bxc3 Qa5 7. Bd2 Qa4 8. Qg4
Kf8 9. Nf3 Nc6 10. Bd3 c4 11. Be2 Qxc2 12. O-O Nh6 13. Qh4 Nf5 14. Qf4 h6 15.
Rfc1 Qe4 16. Qxe4 dxe4 17. Ne1 Na5 18. Bd1 b6 19. Rab1 Bb7 20. g3 Ke7 21. Ng2
Kd7 22. Bc2 Kc7 23. Re1 Rad8 24. g4 Ne7 25. Nf4 Ng6 26. Nxg6 fxg6 27. Bxe4 Bxe4
28. Rxe4 Nb3 29. Re2 Kc6 30. Be3 h5 31. gxh5 Rxh5 32. Kh1 Rdh8 33. f3 Rf8 34.
Rg1 g5 35. Rg3 Rf5 36. Reg2 g4 37. fxg4 Rf1+ 38. Rg1 Rxg1+ 39. Kxg1 1/2-1/2

[Event "III Open A"]
[Site "Livigno ITA"]
[Date "2012.09.??"]
[Round "8"]
[White "Karl, Hans"]
[Black "Kilpatrick, Callum"]
[WhiteElo "2141"]
[BlackElo "2330"]
[Result "0-1"]
[PlyCount "70"]
[EventDate "2012.09.10"]

1. d4 Nf6 2. c4 g6 3. Nc3 d5 4. Bg5 Ne4 5. Bh4 Nxc3 6. bxc3 dxc4 7. e3 Be6 8.
Nf3 Bg7 9. Nd2 b5 10. a4 c6 11. Be2 a6 12. O-O O-O 13. Bf3 Ra7 14. Qc2 Bf5 15.
e4 Be6 16. axb5 cxb5 17. d5 Bd7 18. Rab1 Bf6 19. Bg3 e5 20. dxe6 Bxe6 21. e5
Bg7 22. Rfd1 Qc7 23. Re1 Nd7 24. Be4 Bxe5 25. Bxe5 Nxe5 26. f4 Qc5+ 27. Kh1 Ng4
28. h3 Nf2+ 29. Kh2 Rd8 30. Re2 Rad7 31. Bf3 Qf5 32. Qxf5 Bxf5 33. Rxf2 Rxd2
34. Rxd2 Rxd2 35. Ra1 Bc8 0-1

[Event "III Open A"]
[Site "Livigno ITA"]
[Date "2012.09.??"]
[Round "8"]
[White "Maiorov, Nikita"]
[Black "Naumkin, Igor"]
[WhiteElo "2554"]
[BlackElo "2473"]
[Result "0-1"]
[PlyCount "120"]
[EventDate "2012.09.10"]

1. d4 Nf6 2. c4 e6 3. Nc3 Bb4 4. Qc2 O-O 5. a3 Bxc3+ 6. Qxc3 d6 7. Nf3 b6 8. e3
Bb7 9. Be2 Nbd7 10. O-O Ne4 11. Qc2 f5 12. b4 Rf6 13. d5 Rg6 14. Bb2 c5 15.
Rad1 Qe7 16. g3 Rf8 17. Ne1 Ng5 18. Ng2 Nh3+ 19. Kh1 b5 20. f3 exd5 21. cxd5 c4
22. Nh4 Qxe3 23. Nxg6 hxg6 24. Kg2 Qh6 25. a4 a6 26. axb5 axb5 27. Ra1 Rf7 28.
Ra5 f4 29. Rxb5 Nf8 30. Bc1 Bc8 31. g4 Ng5 32. Kh1 Qh3 33. Rf2 Nd7 34. Qxg6 Qh4
35. Rf1 Re7 36. Qc2 Nh3 37. Kg2 c3 38. Ra5 Bb7 39. Bd3 Nf6 40. Bc4 Nxg4 41. Qf5
Re5 42. Qxg4 Rg5 43. Be2 Kh7 44. Qxg5 Qxg5+ 45. Kh1 Bc8 46. Ra3 Qe5 47. Bd3+
Kh6 48. Be4 Qd4 49. Kg2 Ng5 50. Ra8 Bh3+ 51. Kh1 Nxe4 52. Rh8+ Kg6 53. Rxh3
Nf2+ 54. Kg2 Nxh3 55. Kxh3 Kf5 56. b5 Qxd5 57. b6 Qb5 58. Rd1 Qxb6 59. Ba3 c2
60. Rd2 Qa6 0-1

[Event "III Open A"]
[Site "Livigno ITA"]
[Date "2012.09.??"]
[Round "8"]
[White "Minko, Vladimir"]
[Black "Marholev, Dimitar"]
[WhiteElo "2293"]
[BlackElo "2340"]
[Result "1/2-1/2"]
[PlyCount "56"]
[EventDate "2012.09.10"]

1. d4 Nf6 2. c4 g6 3. Nc3 Bg7 4. e4 d6 5. Nf3 O-O 6. Be2 c5 7. d5 e6 8. O-O
exd5 9. cxd5 Re8 10. Nd2 Na6 11. a4 Nb4 12. Re1 b6 13. f3 Nh5 14. Nc4 Ba6 15.
g4 Bd4+ 16. Kg2 Qh4 17. Rf1 Bxc4 18. Bxc4 Nf6 19. Nb5 Be5 20. f4 Nxg4 21. h3
Bxb2 22. hxg4 Bxa1 23. Nxd6 Red8 24. g5 h5 25. Be2 Rxd6 26. Rh1 Qxh1+ 27. Kxh1
Re8 28. Bf3 Bd4 1/2-1/2

[Event "III Open A"]
[Site "Livigno ITA"]
[Date "2012.09.??"]
[Round "8"]
[White "Neelotpal, Das"]
[Black "Sveshnikov, Vladimir"]
[WhiteElo "2473"]
[BlackElo "2405"]
[Result "1/2-1/2"]
[PlyCount "57"]
[EventDate "2012.09.10"]

1. d4 d5 2. Nf3 Nf6 3. c4 e6 4. g3 dxc4 5. Bg2 c5 6. O-O Nc6 7. dxc5 Qxd1 8.
Rxd1 Bxc5 9. Nbd2 c3 10. bxc3 O-O 11. Ne1 Bd7 12. Nd3 Be7 13. Nb3 b6 14. a4
Rac8 15. a5 Nxa5 16. Nxa5 bxa5 17. Rxa5 Rxc3 18. Rxa7 Rfc8 19. Bf4 Ra3 20. Rb7
Kf8 21. Rdb1 Ra2 22. Bf3 Be8 23. Ne5 h6 24. h4 Ra5 25. Nd3 Nd5 26. Be5 f6 27.
Bb2 Bc6 28. Rb3 Ba4 29. Rb7 1/2-1/2

[Event "III Open A"]
[Site "Livigno ITA"]
[Date "2012.09.??"]
[Round "8"]
[White "Polak, Tomas"]
[Black "Bentivegna, Francesco"]
[WhiteElo "2522"]
[BlackElo "2319"]
[Result "1-0"]
[PlyCount "113"]
[EventDate "2012.09.10"]

1. d4 d5 2. c4 dxc4 3. Nf3 Nf6 4. e3 Bg4 5. Bxc4 e6 6. h3 Bh5 7. Nc3 Nbd7 8.
O-O Bb4 9. Be2 O-O 10. Qb3 c5 11. Rd1 Qe7 12. Bd2 Rfd8 13. dxc5 Bxc5 14. Qxb7
Rab8 15. Qa6 Bxf3 16. Bxf3 Ne5 17. Be2 Rxb2 18. Be1 Rbb8 19. Rxd8+ Rxd8 20. Rb1
g5 21. Na4 g4 22. Nxc5 Qxc5 23. Qa5 Qxa5 24. Bxa5 Rc8 25. hxg4 Rc2 26. Bd1 Rxa2
27. Bc3 Ned7 28. Rb7 Ra6 29. Bf3 h6 30. Rc7 e5 31. Bb7 Rd6 32. f3 Nd5 33. Bxd5
Rxd5 34. Rxa7 Kh7 35. Kf2 Kg6 36. Ke2 f6 37. Ra8 Kf7 38. Bd2 e4 39. Ra7 Ke8 40.
Ra8+ Kf7 41. Rd8 Nb6 42. Rxd5 Nxd5 43. fxe4 Ne7 44. Bb4 Ng6 45. Bd6 Nh8 46. Bf4
Kg6 47. Kd3 Nf7 48. Kd4 Nd8 49. Kd5 Nf7 50. Bc7 Ng5 51. e5 fxe5 52. Bxe5 Nh7
53. Ke4 Nf8 54. Bf4 Nd7 55. Bd6 Nf6+ 56. Kf3 Ne8 57. Be5 1-0

[Event "III Open A"]
[Site "Livigno ITA"]
[Date "2012.09.??"]
[Round "8"]
[White "Sharma, Dinesh K."]
[Black "Cebalo, Miso"]
[WhiteElo "2361"]
[BlackElo "2424"]
[Result "1/2-1/2"]
[PlyCount "81"]
[EventDate "2012.09.10"]

1. d4 Nf6 2. c4 c5 3. d5 e6 4. Nc3 exd5 5. cxd5 d6 6. Nf3 g6 7. Bf4 a6 8. a4
Bg7 9. h3 Qe7 10. e3 Nbd7 11. Be2 O-O 12. O-O Ne8 13. Re1 Ne5 14. Nd2 Nc7 15.
Bh2 f5 16. a5 Bd7 17. Qb3 Rab8 18. Bf1 Kh8 19. Kh1 Rfe8 20. Qb6 Na8 21. Qb3 b5
22. axb6 Rxb6 23. Qc2 Nc7 24. f4 Nf7 25. e4 fxe4 26. Rxe4 Qf8 27. Rxe8 Qxe8 28.
Bg1 Nxd5 29. Nxd5 Rxb2 30. Qc1 Rxd2 31. Nc3 Rd4 32. Bxd4 Bxd4 33. Rxa6 Bc6 34.
Ne2 Bf6 35. Ra7 Nh6 36. Ng3 Qe6 37. Kh2 Bd4 38. Ne2 Bf6 39. Ng3 Bd4 40. Ne2 Bf6
41. Ng3 1/2-1/2

[Event "III Open A"]
[Site "Livigno ITA"]
[Date "2012.09.??"]
[Round "8"]
[White "Stella, Andrea"]
[Black "Piscopo, Pierluigi"]
[WhiteElo "2456"]
[BlackElo "2381"]
[Result "1/2-1/2"]
[PlyCount "76"]
[EventDate "2012.09.10"]

1. Nf3 c5 2. c4 Nc6 3. g3 e5 4. Nc3 g6 5. Bg2 Bg7 6. O-O d6 7. a3 a5 8. Ne1 Be6
9. d3 Nge7 10. Nc2 d5 11. cxd5 Nxd5 12. Ne3 Nde7 13. Nc4 O-O 14. Bg5 f6 15. Be3
Nd4 16. Bxb7 Rb8 17. Bg2 Nb3 18. Rb1 Nf5 19. Ne4 Bxc4 20. dxc4 Nxe3 21. fxe3
Qxd1 22. Rbxd1 f5 23. Ng5 e4 24. Ne6 Bh6 25. Nxf8 Bxe3+ 26. Kh1 Rxf8 27. Rd5 h5
28. Rd6 Kg7 29. Rd7+ Kf6 30. Rd6+ Kg7 31. Rd7+ Kf6 32. Bxe4 Nd2 33. Rf3 Nxf3
34. Bxf3 Rb8 35. Rb7 Rxb7 36. Bxb7 a4 37. Bc6 Bc1 38. Bxa4 Bxb2 1/2-1/2

[Event "III Open A"]
[Site "Livigno ITA"]
[Date "2012.09.??"]
[Round "8"]
[White "Tesic, Dragan"]
[Black "Zhou, Syang"]
[WhiteElo "2348"]
[BlackElo "2239"]
[Result "1/2-1/2"]
[PlyCount "80"]
[EventDate "2012.09.10"]

1. Nf3 c5 2. c4 Nc6 3. Nc3 g6 4. g3 Bg7 5. Bg2 e6 6. O-O Nge7 7. e4 O-O 8. d3
d6 9. Bg5 h6 10. Be3 f5 11. exf5 Nxf5 12. Bd2 Ncd4 13. Nxd4 Nxd4 14. Rb1 Rb8
15. b4 b6 16. bxc5 dxc5 17. Ne4 Bb7 18. a4 Nf5 19. Bf4 e5 20. Bc1 Rf7 21. a5
Rd7 22. axb6 axb6 23. Rb3 Nd6 24. Qg4 Nxe4 25. Bxe4 Bxe4 26. Qxe4 Kh7 27. Be3
Rd6 28. Ra1 Rc8 29. Ra7 Rc7 30. Ra6 Rcd7 31. Ra8 Qf6 32. g4 Rd4 33. Bxd4 Rxd4
34. Qe2 h5 35. gxh5 Qg5+ 36. Kh1 Qc1+ 37. Kg2 Qg5+ 38. Kf1 Rg4 39. hxg6+ Kxg6
40. Rxb6+ Kh7 1/2-1/2

[Event "III Open A"]
[Site "Livigno ITA"]
[Date "2012.09.??"]
[Round "8"]
[White "Volkov, Sergey"]
[Black "Jovanic, Ognjen"]
[WhiteElo "2043"]
[BlackElo "2511"]
[Result "0-1"]
[PlyCount "142"]
[EventDate "2012.09.10"]

1. d4 d5 2. c4 c6 3. Nc3 Nf6 4. e3 a6 5. Nf3 b5 6. c5 g6 7. Bd3 Bg7 8. Bd2 a5
9. Qc2 O-O 10. O-O Qc7 11. h3 Nbd7 12. Ne2 Re8 13. a3 a4 14. Bc3 Nh5 15. g4
Nhf6 16. Ng3 Nf8 17. Rfe1 h5 18. gxh5 Nxh5 19. Nxh5 gxh5 20. Kg2 f6 21. Bg6 Qd7
22. Rh1 Nxg6 23. Qxg6 Rf8 24. Nh4 Qe8 25. Qg3 Kh7 26. Rhg1 Rg8 27. Kh2 Bh6 28.
Qf3 Bg5 29. Nf5 Ra7 30. Rg2 Kh8 31. Rag1 Bxf5 32. Qxf5 e6 33. Qf3 Rag7 34. e4
Qf7 35. exd5 exd5 36. Qf5 Qc7+ 37. Kh1 Qf4 38. Qxf4 Bxf4 39. Rxg7 Rxg7 40. Re1
Rc7 41. Kg2 Kg7 42. Kf3 Bh6 43. Re8 Bc1 44. Ke2 Kf7 45. Rh8 Kg6 46. Kd1 Bg5 47.
Bd2 Re7 48. f4 Bh4 49. Rc8 Re6 50. Kc2 Bf2 51. Kd3 Kf5 52. Rh8 Re4 53. Rxh5+
Kg6 54. Rh8 Bxd4 55. Rc8 Bxb2 56. Rxc6 Bxa3 57. Rb6 Bxc5 58. Rxb5 Rd4+ 59. Ke2
Rc4 60. Ra5 Kf5 61. Ra6 Bb4 62. Be3 d4 63. Bg1 Bc5 64. Kd2 a3 65. h4 Ke4 66.
Re6+ Kd5 67. Ra6 Rb4 68. Kc1 Rb2 69. Rxf6 Rg2 70. Rf5+ Kc4 71. Rg5 a2 0-1

[Event "III Open A"]
[Site "Livigno ITA"]
[Date "2012.09.??"]
[Round "8"]
[White "Wenninger, Philipp"]
[Black "Drazic, Sinisa"]
[WhiteElo "2207"]
[BlackElo "2511"]
[Result "1-0"]
[PlyCount "119"]
[EventDate "2012.09.10"]

1. d4 g6 2. c4 Bg7 3. Nc3 d6 4. e4 e5 5. Nge2 Nc6 6. Be3 exd4 7. Nxd4 Nge7 8.
Be2 O-O 9. O-O f5 10. exf5 Bxd4 11. Bxd4 Nxf5 12. Be3 Nxe3 13. fxe3 Rxf1+ 14.
Qxf1 Be6 15. Bf3 Qg5 16. Nd5 Rf8 17. Nxc7 Qxe3+ 18. Kh1 Bg4 19. Bd5+ Kg7 20.
Qe1 Qxe1+ 21. Rxe1 Ne5 22. h3 Bf5 23. Nb5 Kf6 24. Nxd6 Nd3 25. Re3 Nxb2 26.
Nxf5 gxf5 27. Rb3 Nd1 28. Rxb7 Re8 29. Rxh7 a5 30. c5 Nc3 31. Bb7 Re1+ 32. Kh2
f4 33. Bf3 Ne2 34. Rh6+ Ke7 35. h4 Nd4 36. Ra6 Re3 37. Bg4 Rg3 38. Rg6 Rc3 39.
Rd6 Rc4 40. h5 Kf7 41. h6 Kg8 42. c6 Kh7 43. Rxd4 Rxc6 44. Rxf4 Kxh6 45. Bf3
Rc3 46. a4 Ra3 47. Bc6 Rc3 48. Bb5 Kg5 49. Rc4 Re3 50. Bc6 Re5 51. Rd4 Re6 52.
Bf3 Ra6 53. Kg3 Ra7 54. Rd5+ Kf6 55. Rb5 Ke6 56. Kf4 Rf7+ 57. Ke4 Ra7 58. Rb6+
Ke7 59. Ke5 Kf8 60. Rb8+ 1-0

[Event "III Open A"]
[Site "Livigno ITA"]
[Date "2012.09.??"]
[Round "8"]
[White "Zhou, Yang-Fan"]
[Black "Collutiis, Duilio"]
[WhiteElo "2414"]
[BlackElo "2501"]
[Result "1-0"]
[PlyCount "71"]
[EventDate "2012.09.10"]

1. e4 e5 2. Nf3 Nc6 3. d4 exd4 4. Nxd4 Bb4+ 5. c3 Bc5 6. Be3 Bb6 7. Nf5 Bxe3 8.
Nxe3 d6 9. c4 Nf6 10. Nc3 O-O 11. g3 Ne5 12. h3 Re8 13. Bg2 Ned7 14. O-O Nc5
15. Qc2 a5 16. b3 c6 17. Rfe1 Qe7 18. Nf1 h5 19. Rad1 Rf8 20. Kh2 Ne8 21. f4
Qf6 22. e5 Bf5 23. Qf2 Qh6 24. Qe3 Ne6 25. exd6 Nf6 26. Kg1 Qg6 27. Ne4 Nxe4
28. Bxe4 Rad8 29. Bxf5 Qxf5 30. Kg2 g6 31. Qe5 Qxe5 32. Rxe5 b6 33. Ne3 Rd7 34.
c5 Nxc5 35. Nc4 Rfd8 36. Nxb6 1-0

[Event "III Open A"]
[Site "Livigno ITA"]
[Date "2012.09.17"]
[Round "9"]
[White "Bruno, Fabio"]
[Black "Volkov, Sergey"]
[WhiteElo "2423"]
[BlackElo "2043"]
[Result "0-1"]
[PlyCount "100"]
[EventDate "2012.09.10"]

1. c4 e5 2. g3 Nc6 3. Bg2 g6 4. Nc3 Bg7 5. d3 d6 6. Nf3 Nge7 7. O-O O-O 8. Rb1
a5 9. a3 Nd4 10. Ne1 c6 11. e3 Ne6 12. e4 f5 13. f4 exf4 14. gxf4 Qb6+ 15. c5
Bd4+ 16. Kh1 Nxc5 17. Ne2 Qb3 18. Qxb3+ Nxb3 19. Nxd4 Nxd4 20. Be3 Nb3 21. Nf3
fxe4 22. dxe4 d5 23. Nd4 Nxd4 24. Bxd4 dxe4 25. Bc5 Re8 26. Bxe4 Bf5 27. Bxf5
Nxf5 28. Rfd1 Rad8 29. Bb6 Rxd1+ 30. Rxd1 a4 31. Ba5 Kf7 32. Bc3 Ne3 33. Rd4 b5
34. Rd7+ Ke6 35. Rxh7 Rd8 36. Kg1 Rd1+ 37. Kf2 Nd5 38. Be5 Kf5 39. Ke2 Rb1 40.
Kf3 g5 41. h4 g4+ 42. Kg3 Rg1+ 43. Kh2 Rd1 44. Rf7+ Ke4 45. Kg3 Ne3 46. h5 Rh1
47. Bc7 Rh3+ 48. Kf2 g3+ 49. Kg1 g2 50. Re7+ Kf3 0-1

[Event "III Open A"]
[Site "Livigno ITA"]
[Date "2012.09.17"]
[Round "9"]
[White "Cebalo, Miso"]
[Black "Timoshenko, Georgy"]
[WhiteElo "2424"]
[BlackElo "2518"]
[Result "0-1"]
[PlyCount "76"]
[EventDate "2012.09.10"]

1. c4 Nf6 2. Nc3 g6 3. e4 d6 4. d4 Bg7 5. f4 O-O 6. Nf3 c5 7. d5 e6 8. Be2 exd5
9. cxd5 Bg4 10. O-O Nbd7 11. h3 Bxf3 12. Bxf3 Re8 13. a4 c4 14. Be3 Qa5 15. Qe2
Rac8 16. Rae1 Nc5 17. e5 dxe5 18. fxe5 Nfd7 19. Bg4 Bxe5 20. Qxc4 f5 21. b4 Qa6
22. b5 Qa5 23. Bd2 Qb6 24. Kh1 fxg4 25. Qxg4 Bg7 26. a5 Qxa5 27. d6 Qb6 28.
Qc4+ Kh8 29. Bf4 Qd8 30. Nd5 Ne6 31. Nc7 Nxf4 32. Qxf4 Rxe1 33. Rxe1 Qf6 34.
Qg4 Qxd6 35. Ne8 Qd2 36. Re7 Rc1+ 37. Kh2 Be5+ 38. Rxe5 Nxe5 0-1

[Event "III Open A"]
[Site "Livigno ITA"]
[Date "2012.09.17"]
[Round "9"]
[White "Collutiis, Duilio"]
[Black "Stella, Andrea"]
[WhiteElo "2501"]
[BlackElo "2456"]
[Result "1/2-1/2"]
[PlyCount "59"]
[EventDate "2012.09.10"]

1. e4 c5 2. c3 d5 3. exd5 Qxd5 4. d4 Nf6 5. Nf3 Bg4 6. dxc5 Qxc5 7. Na3 a6 8.
h3 Bf5 9. Be3 Qc7 10. Nc4 Nbd7 11. Qd4 b5 12. Bf4 Qc5 13. Nce5 Nd5 14. Nxd7
Qxd4 15. Nxd4 Bxd7 16. Bg3 g6 17. O-O-O Bh6+ 18. Kb1 Nf4 19. Bxf4 Bxf4 20. g3
Bd6 21. Bg2 Ra7 22. Rhe1 O-O 23. h4 Rc8 24. Nc2 Bf5 25. Be4 Bg4 26. Rd2 Be6 27.
Bd5 Bf5 28. Be4 Be6 29. Bd5 Bf5 30. Be4 1/2-1/2

[Event "III Open A"]
[Site "Livigno ITA"]
[Date "2012.09.17"]
[Round "9"]
[White "David, Alberto"]
[Black "Kravtsiv, Martyn"]
[WhiteElo "2599"]
[BlackElo "2581"]
[Result "1-0"]
[PlyCount "31"]
[EventDate "2012.09.10"]

1. e4 e5 2. Nf3 Nc6 3. Bb5 a6 4. Ba4 Nf6 5. d3 b5 6. Bb3 Be7 7. a4 Bb7 8. O-O
O-O 9. Re1 d6 10. c3 Rb8 11. d4 h6 12. axb5 Na7 13. dxe5 dxe5 14. Qxd8 Bxd8 15.
bxa6 Bxe4 16. Bc4 1-0

[Event "III Open A"]
[Site "Livigno ITA"]
[Date "2012.09.17"]
[Round "9"]
[White "Drazic, Sinisa"]
[Black "Roy Chowdhury, Saptarshi"]
[WhiteElo "2511"]
[BlackElo "2419"]
[Result "0-1"]
[PlyCount "89"]
[EventDate "2012.09.10"]

1. d4 d5 2. Bg5 h6 3. Bh4 c6 4. e3 Nd7 5. Nf3 Ngf6 6. Nbd2 e6 7. Bd3 Be7 8. Qe2
Qb6 9. O-O-O c5 10. c4 cxd4 11. exd4 Qd8 12. Ne5 a6 13. f4 dxc4 14. Bxc4 Nb6
15. Bb3 Nfd5 16. Bxe7 Qxe7 17. Qf3 a5 18. a3 Bd7 19. f5 O-O 20. g4 Bc6 21. Nxc6
bxc6 22. Rde1 Rab8 23. h4 Qc7 24. fxe6 fxe6 25. Qe4 Nf4 26. g5 h5 27. Rhf1 Nbd5
28. Bc2 g6 29. Nc4 c5 30. Qe5 Qxe5 31. dxe5 Ng2 32. Rxf8+ Rxf8 33. Rh1 Rf4 34.
Nxa5 Nxh4 35. Nb7 Nf5 36. Kb1 c4 37. Nc5 Kf7 38. Ne4 Nde3 39. Nd6+ Nxd6 40.
exd6 Rd4 41. Re1 Nf5 42. Bxf5 gxf5 43. Rxe6 h4 44. Kc2 Rd1 45. Kc3 0-1

[Event "III Open A"]
[Site "Livigno ITA"]
[Date "2012.09.17"]
[Round "9"]
[White "Franciosi, Fausto"]
[Black "Tesic, Dragan"]
[WhiteElo "2074"]
[BlackElo "2348"]
[Result "0-1"]
[PlyCount "70"]
[EventDate "2012.09.10"]

1. d4 Nf6 2. c4 g6 3. Nc3 d5 4. e3 Bg7 5. cxd5 Nxd5 6. Nxd5 Qxd5 7. Ne2 O-O 8.
Nc3 Qa5 9. Be2 c5 10. d5 Rd8 11. O-O a6 12. e4 Nc6 13. Bg5 Kf8 14. Qd2 Nd4 15.
Rfe1 b5 16. d6 exd6 17. Bxd8 Qxd8 18. Bf1 Be6 19. Nd5 Qh4 20. Rad1 Bxd5 21.
exd5 Qh5 22. Qd3 Qxd5 23. Qe4 Qxe4 24. Rxe4 f5 25. Ree1 Be5 26. Rd2 Rb8 27.
Red1 Ke7 28. Rd3 a5 29. g3 g5 30. h4 gxh4 31. f4 Bf6 32. gxh4 Rg8+ 33. Kh2 Rg4
34. Rxd4 Bxd4 35. Bxb5 Rxf4 0-1

[Event "III Open A"]
[Site "Livigno ITA"]
[Date "2012.09.17"]
[Round "9"]
[White "Hainke, Guntram"]
[Black "Neelotpal, Das"]
[WhiteElo "2318"]
[BlackElo "2473"]
[Result "1/2-1/2"]
[PlyCount "61"]
[EventDate "2012.09.10"]

1. d4 Nf6 2. c4 e6 3. Nc3 Bb4 4. Qc2 O-O 5. a3 Bxc3+ 6. Qxc3 b5 7. cxb5 c6 8.
Bg5 cxb5 9. e3 Bb7 10. Nf3 a6 11. Bd3 h6 12. Bh4 Nc6 13. b4 d6 14. O-O Qe7 15.
e4 g5 16. Bg3 Rac8 17. Qd2 Nh5 18. h4 f6 19. d5 Ne5 20. Nd4 exd5 21. Nf5 Qd7
22. exd5 Bxd5 23. Nxh6+ Kh8 24. Bf5 Be6 25. Bxe6 Qxe6 26. hxg5 Kh7 27. Bxe5
dxe5 28. f3 Nf4 29. Qf2 fxg5 30. Ng4 e4 31. Rfe1 1/2-1/2

[Event "III Open A"]
[Site "Livigno ITA"]
[Date "2012.09.17"]
[Round "9"]
[White "Piscopo, Pierluigi"]
[Black "Zhou, Syang"]
[WhiteElo "2381"]
[BlackElo "2239"]
[Result "1-0"]
[PlyCount "95"]
[EventDate "2012.09.10"]

1. e4 c5 2. Nf3 d6 3. d4 Nf6 4. Nc3 cxd4 5. Nxd4 g6 6. f4 Nc6 7. Nf3 Bg7 8. Bd3
O-O 9. O-O Bd7 10. Qe1 Nb4 11. Qh4 Nxd3 12. cxd3 Qa5 13. f5 gxf5 14. Bh6 fxe4
15. Ng5 Bxh6 16. Qxh6 Bf5 17. dxe4 Bg6 18. Rxf6 exf6 19. Nxh7 Bxh7 20. Nd5 Qc5+
21. Kh1 Qxd5 22. exd5 Bg6 23. h4 Rae8 24. h5 Be4 25. Kh2 Re5 26. Re1 Rfe8 27.
Re3 Rg5 28. Qxf6 Rxh5+ 29. Rh3 Rxh3+ 30. gxh3 Re5 31. Qxd6 Rxd5 32. Qg3+ Kf8
33. Qb8+ Kg7 34. Qxa7 Rd2+ 35. Kg3 Kg6 36. Kf4 Bc6 37. Qg1+ Rg2 38. Qb1+ Kf6
39. Qe1 Kg6 40. b3 f6 41. a4 Rg5 42. Qb1+ Kg7 43. Qc2 Rh5 44. Qe2 Rh4+ 45. Kg3
Re4 46. Qd2 Kg6 47. h4 f5 48. Qg5+ 1-0

[Event "III Open A"]
[Site "Livigno ITA"]
[Date "2012.09.17"]
[Round "9"]
[White "Satyapragyan, Swayangsu"]
[Black "Polak, Tomas"]
[WhiteElo "2435"]
[BlackElo "2522"]
[Result "1/2-1/2"]
[PlyCount "20"]
[EventDate "2012.09.10"]

1. e4 c6 2. Nc3 d5 3. Nf3 Bg4 4. h3 Bxf3 5. Qxf3 e6 6. d4 Nf6 7. exd5 cxd5 8.
Bd3 Nc6 9. Ne2 Nb4 10. Bb5+ Nd7 1/2-1/2

[Event "III Open A"]
[Site "Livigno ITA"]
[Date "2012.09.17"]
[Round "9"]
[White "Sreeves, Clement"]
[Black "Kilpatrick, Callum"]
[WhiteElo "2220"]
[BlackElo "2330"]
[Result "1/2-1/2"]
[PlyCount "68"]
[EventDate "2012.09.10"]

1. c4 Nf6 2. g3 g6 3. Bg2 Bg7 4. Nc3 O-O 5. e4 d6 6. Nge2 c5 7. O-O Nc6 8. d3
a6 9. h3 Rb8 10. a4 Ne8 11. Be3 e5 12. Nd5 b5 13. axb5 axb5 14. cxb5 Nd4 15.
Nxd4 exd4 16. Bd2 Be6 17. Ba5 Qd7 18. b6 Bxd5 19. exd5 Qb5 20. Qd2 Nf6 21. Rfb1
Nd7 22. b4 c4 23. dxc4 Qxc4 24. Rc1 Qb5 25. Bf1 Qxd5 26. Bg2 Qe6 27. Re1 Qc4
28. Rac1 Qb3 29. b7 d5 30. Qc2 Rxb7 31. Bxd5 Rbb8 32. Re7 Nb6 33. Bxb3 Bf6 34.
Rxf7 Rxf7 1/2-1/2

[Event "III Open A"]
[Site "Livigno ITA"]
[Date "2012.09.17"]
[Round "9"]
[White "Sveshnikov, Vladimir"]
[Black "Maiorov, Nikita"]
[WhiteElo "2405"]
[BlackElo "2554"]
[Result "1-0"]
[PlyCount "99"]
[EventDate "2012.09.10"]

1. e4 e5 2. Nf3 Nc6 3. d4 exd4 4. Nxd4 Bc5 5. Nxc6 Qf6 6. Qf3 bxc6 7. Nc3 d6 8.
Qg3 Qg6 9. Bd3 a5 10. Na4 Bd4 11. c3 Ba7 12. Bd2 Nf6 13. Qxg6 hxg6 14. f3 Nd7
15. b3 Ne5 16. Bc2 Bd7 17. Nb2 Bc5 18. h3 f6 19. f4 Nf7 20. O-O-O g5 21. fxg5
Nxg5 22. e5 dxe5 23. Bxg5 fxg5 24. Nc4 Be6 25. Nxe5 O-O 26. Rhe1 Bd5 27. Be4
Bxe4 28. Rxe4 Rae8 29. Re2 Bf2 30. Rdd2 Bg3 31. Nd3 Rf1+ 32. Kc2 Ref8 33. Rd1
R1f5 34. a4 Bd6 35. Nb2 R8f6 36. Nc4 Kh7 37. Rd4 Bc5 38. Rde4 Bb6 39. Ne5 Rf1
40. Nf3 Rg6 41. Rg4 Kh6 42. Kd3 Rd1+ 43. Kc4 Rf6 44. Nxg5 Rd5 45. Ne6 g5 46. h4
gxh4 47. Rxh4+ Kg6 48. Rg4+ Kh5 49. Rge4 Rd6 50. Ng7+ 1-0